| 000 | 00604nam a22002417a 4500 | ||
|---|---|---|---|
| 003 | OSt | ||
| 005 | 20180116183003.0 | ||
| 008 | 150803b xxu||||| |||| 00| 0 eng d | ||
| 020 | _a9788129704757 | ||
| 022 | _a9788129704757 | ||
| 040 | _c0 | ||
| 050 | _a332.6 | ||
| 082 | _a332.6 | ||
| 100 | _aRanganatham,M. | ||
| 245 |
_aInvestment Analysis and Portfolio Management. _cM.Ranganatham. |
||
| 250 | _a1st. | ||
| 260 |
_aSingapore. _bPearson Education. _c2005. |
||
| 300 | _a526p. | ||
| 500 | _aPaper Cover | ||
| 600 | _aRanganatham,M. | ||
| 700 | _aRanganatham,M. | ||
| 942 |
_2ddc _cBK _k332.6 |
||
| 999 |
_c349953 _d349953 |
||